Online
Catalog

Ponencia del coronel médico internista-oncólogo Dr. Rafael Leónidas Pérez y Pérez, Ejercito Nacional, en la mesa redonda "13 de marzo: contribución de Neiba en la gesta independentista ". (Record no. 32017)

MARC details
000 -CABECERA
campo de control de longitud fija 00876nam a2200169 a 4500
001 - NÚMERO DE CONTROL
campo de control 000032526
005 - FECHA Y HORA DE LA ÚLTIMA TRANSACCIÓN
campo de control 20200930065703.0
008 - DATOS DE LONGITUD FIJA--INFORMACIÓN GENERAL
campo de control de longitud fija 110719s1993 dr 000 0 spa d
040 ## - FUENTE DE LA CATALOGACIÓN
Centro catalogador/agencia de origen DO-SdBNP
Lengua de catalogación spa
Centro/agencia transcriptor BNPHU
082 ## - NÚMERO DE LA CLASIFICACIÓN DECIMAL DEWEY
Número de clasificación xxxx
Número de documento/Ítem P796c
049 ## - FONDOS LOCALES (OCLC)
Fondos de biblioteca BNPD
100 1# - ENTRADA PRINCIPAL--NOMBRE DE PERSONA
Nombre de persona Pérez y Pérez, Rafael Leónidas
9 (RLIN) 19964
245 10 - MENCIÓN DE TÍTULO
Título Ponencia del coronel médico internista-oncólogo Dr. Rafael Leónidas Pérez y Pérez, Ejercito Nacional, en la mesa redonda "13 de marzo: contribución de Neiba en la gesta independentista ".
260 ## - PUBLICACIÓN, DISTRIBUCIÓN, ETC.
Lugar de publicación, distribución, etc. Santo Domingo :
Nombre del editor, distribuidor, etc. Imprenta Offset Nítida,
Fecha de publicación, distribución, etc. 1993.
300 ## - DESCRIPCIÓN FÍSICA
Extensión 18 p. ;
Dimensiones 21 cm.
500 ## - NOTA GENERAL
Nota general "Conferencia presentada en la mesa redonda "13 de marzo: Contribución de Neiba en la gesta independentista ", celebrada el 8 de marzo de 1993 con motivo del 50º aniversario de la provincia Bahoruco" en el Salon de Música de la Biblioteca Nacional.
Holdings
Estado de retiro Estado de pérdida No para préstamo Código de colección Localización permanente Ubicación/localización actual Ubicación en estantería Fecha de adquisición Número de inventario Total de préstamos Signatura topográfica completa Código de barras Fecha visto por última vez Precio válido a partir de Tipo de ítem Koha Número de copia
    Excluido de préstamo Patrimonio Dominicano Patrimonio Dominicano Patrimonio Dominicano En catalogación 19.07.2011 LF1   xxxx P796c 32526-10 25.06.2020 25.06.2020 Libro y Folleto Colección Patrimonio Dominicano  
    Excluido de préstamo Patrimonio Dominicano Patrimonio Dominicano Patrimonio Dominicano En catalogación 19.07.2011 LF1   xxxx P796c 32526-20 25.06.2020 25.06.2020 Libro y Folleto Colección Patrimonio Dominicano e. 2
      Patrimonio Dominicano Patrimonio Dominicano Patrimonio Dominicano Orden iniciada 19.07.2011 LF1   xxxx P796c 32527-10 25.06.2020 25.06.2020 Libro y Folleto Colección Patrimonio Dominicano  

Powered by Koha